Govt. of
Madhya Pradesh

कलकत्‍ते के पास ही (Record no. 54163)

MARC details
000 -LEADER
fixed length control field 00594nam a22001697a 4500
003 - CONTROL NUMBER IDENTIFIER
control field MACL
005 - DATE AND TIME OF LATEST TRANSACTION
control field 20160529151719.0
008 - FIXED-LENGTH DATA ELEMENTS--GENERAL INFORMATION
fixed length control field 160529b xxu||||| |||| 00| 0 eng d
040 ## - CATALOGING SOURCE
Transcribing agency MACL
041 ## - LANGUAGE CODE
Language code of text/sound track or separate title Hindi
082 ## - DEWEY DECIMAL CLASSIFICATION NUMBER
Classification number 891.433 MIT
100 ## - MAIN ENTRY--PERSONAL NAME
Personal name मित्र, गजेन्‍द्र कुमार
9 (RLIN) 60848
245 ## - TITLE STATEMENT
Title कलकत्‍ते के पास ही
Statement of responsibility, etc. गजेन्‍द्र कुमार मित्र
260 ## - PUBLICATION, DISTRIBUTION, ETC. (IMPRINT)
Place of publication, distribution, etc. नई दिल्‍ली
Name of publisher, distributor, etc. साहित्‍य अकादेमी
Date of publication, distribution, etc. 1992
650 ## - SUBJECT ADDED ENTRY--TOPICAL TERM
Topical term or geographic name as entry element Novel
9 (RLIN) 60849
942 ## - ADDED ENTRY ELEMENTS (KOHA)
Source of classification or shelving scheme
Koha item type Hindi Books
Holdings
Withdrawn status Lost status Source of classification or shelving scheme Damaged status Not for loan Home library Current library Date acquired Cost, normal purchase price Total Checkouts Full call number Barcode Date last seen Date last checked out Price effective from Koha item type
          MACL MACL 29/05/2016 100.00 1 891.433 MIT CRH005858 15/04/2025 29/03/2025 29/05/2016 Hindi Books